000 00372nam a2200157Ia 4500
001 32030
003 IN-NITTTR
005 20251114233427.0
008 251113s9999||||xx |||||||||||||| ||eng||
040 _beng
040 _cIN-NITTTR
041 _aeng
082 _a006.33 P27I
245 0 _aIntroduction to artificial intelligence and expert systems /
942 _2ddc
_cBK
999 _c34660
_d34660